LEADER 01266nam a2200289 u 4500 001 000000033096 003 CaOOAMICUS 005 20070226112326.0 008 971028s1975 it u000 u eng u 035 $a10774562 040 $aPUL(R)$bita 041 0 $aeng$aakk 245 00$aRas Shamra parallels.$nVol. II :$bthe texts from Ugarit and the Hebrew Bible /$cLoren R. Fisher, editor ; associate editors Duane E. Smith and Stan Rummel. 260 $aRoma :$bPontificium Institutum Biblicum,$c1975. 300 $a508 p. ;$c30 cm 490 1 $aAnalecta orientalia ;$v50 500 $a"Indices": 423-491. 700 1 $aFisher, Loren R.$0(OLS)http://pul/name/3963 700 1 $aRummel, Stan.$0(OLS)http://pul/name/3962 700 1 $aSmith, Duane E.$0(OLS)http://pul/name/25911 830 0$aAnalecta orientalia ;$v50.$0(OLS)http://pul/title/4947 850 $aPUL 852 $aPUL$W1$xSL Religione 1$y3$m10(2) G 17$j45491$nBK-PRI$b $qStampati$B45491$CPULBib$Z2$F45491 $H $81 941 1 $a8 961 $aINV: 44181. 996 $6245$aRas Shamra parallels.$nVol. II :$bthe texts from Ugarit and the Hebrew Bible$9(OLS)http://pul/title/45587 996 $6260$aRoma :$bPontificium Institutum Biblicum$9(OLS)http://pul/publisher/49870 LEADER 01332nam a2200277 u 4500 001 000000089967 003 CaOOAMICUS 005 20070226124655.0 008 051202s1957 it u000 u ita u 035 $a11071215 040 $aPUL(R)$bita 041 1 $aita$hfre 100 1 $aLeroy, Alfred.$0(OLS)http://pul/name/43100 240 10$aNaissance de l'art chrétien des origines ŕ l'an mil.$lItaliano.$0(OLS)http://pul/title/116202 245 10$aNascita dell'arte cristiana dalle origini all'anno mille /$cdi Alfredo Leroy. 260 $aCatania :$bEdizioni Paoline,$c1957. 300 $a150 p. , ;$c18 cm 490 1 $aEnciclopedia cattolica dell'uomo d'oggi.$aSezione 12, Le arti cristiane ;$v122 650 4$aArte cristiana$xStoria.$0(OLS)http://pul/subject/15089 650 4$aArte$xStoria$yEvo medio.$0(OLS)http://pul/subject/29379 830 0$aEnciclopedia cattolica dell'uomo d'oggi.$nSezione 12,$pLe arti cristiane ;$v122.$0(OLS)http://pul/title/101395 850 $aPUL 852 $aPUL$W1$xDP1 Fondo Pastorale$y55$mP8 D 122$j113638$nBK-PRI$b $qFondi$B113638$CPULBib$Z2$F113638 $HPUL1720 $81 941 1 $a1 996 $6245$aNascita dell'arte cristiana dalle origini all'anno mille$9(OLS)http://pul/title/116203 996 $6260$aCatania :$bEdizioni Paoline$9(OLS)http://pul/publisher/48234